Ciencias Sociales 3: libro de trabajo del alumno
Збережено в:
| Автори: | , |
|---|---|
| Формат: | Книга |
| Мова: | Іспанська |
| Опубліковано: |
Santiago
Santillana
1978
|
| Серія: | Material Didáctico Para la Educación General Básica
|
| Предмети: | |
| Теги: |
Додати тег
Немає тегів, Будьте першим, хто поставить тег для цього запису!
|
MARC
| LEADER | 00000nam a2200000 a 4500 | ||
|---|---|---|---|
| 001 | UCW6101 | ||
| 003 | CL-VaPUC | ||
| 008 | 911014e19780000CL |||||||||||||||||spa|d | ||
| 082 | 0 | 4 | |a 372.83 |b SCH |2 21 |
| 100 | 0 | |a Schmidt Valdivia, Bernardita |e author |9 311068 | |
| 700 | 0 | |a Duchens Soto, Nancy |e author |9 311069 | |
| 245 | 1 | 0 | |a Ciencias Sociales 3: libro de trabajo del alumno |
| 300 | |a 96 p | ||
| 942 | |c BK | ||
| 945 | |d 19911014 00:00:00 | ||
| 260 | |a Santiago |b Santillana |c 1978 | ||
| 650 | 0 | |a Ciencias sociales |9 256351 | |
| 650 | 0 | |a Educación básica |9 224933 | |
| 650 | 0 | |a Libros de texto |9 270019 | |
| 583 | |a last modification |c 20180327 04:48:41 |k Rodrigo Vera | ||
| 490 | 0 | |a Material Didáctico Para la Educación General Básica | |
| 999 | |c 219264 |d 219262 | ||
| 952 | |0 0 |1 0 |4 0 |6 372_830000000000000_SCH_1978 |7 0 |8 P |9 209952 |a BIBEDU |b BIBEDU |c BIBEDU_PB |d 2019-11-15 |i 278050K |o 372.83 SCH 1978 |p 278050K |r 2024-01-25 |w 2019-11-15 |y BK |k EDU | ||